| 000 -ლიდერი |
| ფიქსირებული სიგრძის საკონტროლო ველი |
01489nam a2200253Ia 4500 |
| 001 - საკონტროლო ნომერი |
| საკონტროლო ველი |
23739 |
| 003 - საკონტროლო ნომრის იდენტიფიკატორი |
| საკონტროლო ველი |
GE_BSU |
| 005 - ბოლო ოპერაციის თარიღი და დრო |
| საკონტროლო ველი |
20191031111033.0 |
| 008 - ფიქსირებული სიგრძის მონაცემთა ელემენტები - ზოგადი ინფორმაცია |
| ფიქსირებული სიგრძის საკონტროლო ველი |
181216s2012||||ge |||||||||||||| ||geo|| |
| 020 ## - წიგნის საერთაშორისო სტანდარტული ნომერი |
| International Standard Book Number |
9789941424786 |
| 040 ## - კატალოგიზაციის წყარო |
| Transcribing agency |
GE_BSU |
| 041 ## - ენის კოდი |
| Language code of text/sound track or separate title |
geo |
| 080 ## - უნივერსალური ათობითი კლასიფიკაციის ინდექსი |
| Universal Decimal Classification number |
811.111(09)(075.8):81'362 მ-58 |
| 100 ## - მთავარი ჩანაწერი - პიროვნების სახელი |
| Personal name |
მესხი, ანა. |
| 9 (RLIN) |
6 |
| 245 ## - ცნობა სათაურის შესახებ |
| Title |
ინგლისური ენის ისტორია : 2 წიგნად : იბერიული პრეისტორიის ფონზე : წ. 1 : |
| Remainder of title |
სახელმძღვანელო / |
| Statement of responsibility, etc |
ანა მესხი ; დიზ : დალი ჯვარშეიშვილი . |
| 264 ## - წარმოების, გამოცემის, დისტრიბუციის და სხვა ცნობები |
| გამოცემის, წარმოების, დისტრიბუციის... ადგილი |
თბილისი : |
| გამოცემის, წარმოების, დისტრიბუციის... სახელწოდება |
მწიგნობარი, |
| გამოცემის, წარმოების, დისტრიბუციის... თარიღი |
2012. |
| 300 ## - ფიზიკური აღწერა |
| Extent |
266 გვ. : |
| Other physical details |
ცხრ., ილ.; |
| Dimensions |
24 სმ. |
| 504 ## - BIBLIOGRAPHY, ETC. NOTE |
| Bibliography, etc |
ბიბლიოგრაფია ტექსტის შენიშვნებში. |
| 520 ## - SUMMARY, ETC. |
| Summary, etc |
იბეჭდება დავით მესხის ფინანს. მხარდაჭერით |
| 653 ## - INDEX TERM--UNCONTROLLED |
| Uncontrolled term |
ინგლისური ენის ისტორია სახელმძღვანელოები უმაღლესი სასწავლებლებისათვის |
| 653 ## - INDEX TERM--UNCONTROLLED |
| Uncontrolled term |
შედარებითი ლინგვისტიკა. |
| 700 ## - ADDED ENTRY--PERSONAL NAME |
| Personal name |
ჯვარშეიშვილი, დალი |
| Relator term |
დიზაინერი |
| 9 (RLIN) |
5164 |
| 942 ## - ADDED ENTRY ELEMENTS (KOHA) |
| Koha item type |
წიგნი |
| Source of classification or shelving scheme |
|